Gojira Songs - Statistics

General Stats
  • This quiz has been taken 56 times
  • The average score is 31 of 83
Answer Stats
Album Song % Correct
From Mars to Sirius (2005) From Mars
77%
The Link (2003) The Link
74%
From Mars to Sirius (2005) To Sirius
72%
L'Enfant Sauvage (2012) L'Enfant Sauvage
70%
Magma (2016) Magma
70%
The Way of All Flesh (2008) The Art of Dying
68%
Magma (2016) Silvera
66%
Magma (2016) Stranded
66%
The Way of All Flesh (2008) The Way of All Flesh
66%
From Mars to Sirius (2005) The Heaviest Matter of the Universe
60%
From Mars to Sirius (2005) Backbone
57%
Terra Incognita (2001) Clone
57%
From Mars to Sirius (2005) Ocean Planet
57%
The Way of All Flesh (2008) Toxic Garbage Island
57%
Fortitude (2021) Fortitude
55%
Fortitude (2021) Amazonia
53%
Terra Incognita (2001) Satan Is a Lawyer
53%
L'Enfant Sauvage (2012) The Axe
51%
Terra Incognita (2001) Love
49%
The Way of All Flesh (2008) Oroborus
49%
From Mars to Sirius (2005) Where Dragons Dwell
49%
From Mars to Sirius (2005) Global Warming
47%
Fortitude (2021) The Chant
47%
L'Enfant Sauvage (2012) The Gift of Guilt
47%
From Mars to Sirius (2005) Unicorn
47%
Fortitude (2021) Born for One Thing
45%
Terra Incognita (2001) Lizard Skin
45%
Fortitude (2021) Sphinx
45%
Magma (2016) The Shooting Star
45%
Fortitude (2021) Another World
43%
L'Enfant Sauvage (2012) Explosia
43%
From Mars to Sirius (2005) From the Sky
43%
Magma (2016) Only Pain
43%
The Way of All Flesh (2008) Esoteric Surgery
40%
Magma (2016) The Cell
40%
The Way of All Flesh (2008) Vacuity
40%
Terra Incognita (2001) 04
38%
Magma (2016) Pray
38%
The Link (2003) Indians
36%
L'Enfant Sauvage (2012) Mouth of Kala
36%
L'Enfant Sauvage (2012) The Wild Healer
36%
From Mars to Sirius (2005) World to Come
34%
From Mars to Sirius (2005) In the Wilderness
32%
The Way of All Flesh (2008) The Silver Cord
32%
The Link (2003) Torii
32%
The Link (2003) Wisdom Comes
32%
The Way of All Flesh (2008) All the Tears
30%
From Mars to Sirius (2005) Flying Wales
30%
Fortitude (2021) Grind
30%
Terra Incognita (2001) In the Forest
30%
Fortitude (2021) Into the Storm
30%
Magma (2016) Liberation
30%
The Way of All Flesh (2008) Wolf Down the Earth
30%
Magma (2016) Yellow Stone
30%
The Way of All Flesh (2008) Adoration for None
28%
The Way of All Flesh (2008) A Sight to Behold
28%
L'Enfant Sauvage (2012) Liquid Fire
28%
Fortitude (2021) New Found
28%
L'Enfant Sauvage (2012) Pain is a Master
28%
Terra Incognita (2001) Space Time
28%
Fortitude (2021) The Trails
28%
The Way of All Flesh (2008) Yama's Messengers
28%
Terra Incognita (2001) Blow Me Away You (Niverse)
26%
Magma (2016) Low Lands
26%
L'Enfant Sauvage (2012) Planned Obsolescence
26%
L'Enfant Sauvage (2012) The Fall
26%
Terra Incognita (2001) 5988 Trillions De Tonnes
23%
The Link (2003) Dawn
23%
Terra Incognita (2001) Deliverance
23%
Fortitude (2021) Hold On
23%
Terra Incognita (2001) On the B.O.T.A
23%
The Link (2003) Connected
21%
Terra Incognita (2001) Rise
21%
The Link (2003) Inward Movement
19%
The Link (2003) Rememberance
19%
The Link (2003) Death of Me
17%
The Link (2003) Embrace the World
17%
Terra Incognita (2001) Fire Is Everything
17%
The Link (2003) Over the Flows
17%
L'Enfant Sauvage (2012) My Last Creation
15%
L'Enfant Sauvage (2012) This Emptiness
15%
Terra Incognita (2001) 1990 Quatrillions de Tonnes
9%
L'Enfant Sauvage (2012) Born in Winer
0%
No matching quizzes found
Score Distribution
Percent of People with Each Score
Percentile by Number Answered
Your Score History
You have not taken this quiz